00705nam a2200229 a 4500001001300000003000900013005001700022008004100039020001000080082001300090245006300103260004700166300000900213500003500222505001300257650002800270710003300298902000800331942000700339952011400346999001500460nice12345678IN_TiNIC20260116012352.0050524s1979 sina grp 000 0 eng  ac10000a201bCCA aLiving in Faithb Report of Asia Youth Resource Conference aSingapurbChristian Conference Indiac1979 a115p aincludes index and biblioraphy2 aAppendix aChristianity-Conference2 aChristian Conference of Asia bSRS cBK 001040708StackRoom-aHMIbHMId2007-03-19g100.00l0o201 CCAp012666r2007-03-19v100.00w2005-05-24yBK c6736d6736